Fundamentals of temperature control

Gorde:
Xehetasun bibliografikoak
Egile nagusia: William K Roots
Formatua: Liburua
Hizkuntza:Undetermined
Argitaratua: New York Academic 1969
Gaiak:
Etiketak: Etiketa erantsi
Etiketarik gabe, Izan zaitez lehena erregistro honi etiketa jartzen!
Thư viện lưu trữ: Trung tâm Học liệu Trường Đại học Cần Thơ
LEADER 00523nam a2200181Ia 4500
001 CTU_11941
008 210402s9999 xx 000 0 und d
082 |a 697.9322 
082 |b R783 
100 |a William K Roots 
245 0 |a Fundamentals of temperature control 
245 0 |c William K Roots 
260 |a New York 
260 |b Academic 
260 |c 1969 
650 |a air conditioning - control,public health,temperature control 
904 |i Minh, 961105 
980 |a Trung tâm Học liệu Trường Đại học Cần Thơ